000 00766nam a2200181 i 4500
001 59080
003 ES-MaACL
005 20250815111352.0
007 t|
008 031027s1901 sp ||||1| spa d
100 1 _aEchegaray, José,
_d1832-1916
_946526
245 1 0 _aObservaciones y teorías sobre la afinidad química /
_cpor José Echegaray.
260 _aMadrid :
_bLa Energía Eléctrica,
_c1901 (
_fAntonio Marzo)
300 _a72 p. :
_bil. ;
_c30 cm.
650 7 _aAfinidad química
_2embne
_9161093
852 _aES-MaACL
_jT-1051-F-8
_z.- Dedicatoria manuscrita: "La Energia Eléctrica al Ateneo de Madrid con motivo del homenaje a D. José Echegaray, por el premio Nobel que se le ha concedido" el director José García Santes"
999 _c59080
_d59080